MARC

LEADER 00000nam0a2200000 4500
001 265650
005 20231101233935.0
035 |a (RuTPU)RU\TPU\book\288652 
090 |a 265650 
100 |a 20140627d1987 k y0rusy50 ca 
101 0 |a rus 
102 |a RU 
105 |a y z 000zy 
200 1 |a Математические методы в геологии  |f А. И. Бахтин, Н. М. Низамутдинов, Н. П. Заботина 
210 |a Казань  |c Изд-во Казанского ун-та  |d 1987 
215 |a 32 с. 
606 1 |a Геология  |x Математические методы  |2 stltpush  |3 (RuTPU)RU\TPU\subj\6103  |9 34062 
610 1 |a дисперсный анализ 
610 1 |a критерий Готелинга 
610 1 |a дискриминантный анализ 
610 1 |a статистические таблицы 
675 |a 55:51  |v 3 
700 1 |a Бахтин  |b А. И.  |g Анатолий Иосифович 
701 1 |a Низамутдинов  |b Н. М.  |g Назым Минсафович 
701 1 |a Заботина  |b Н. П.  |g Наталья Павловна 
801 1 |a RU  |b 63413507  |c 20140627 
801 2 |a RU  |b 63413507  |c 20151023  |g RCR 
942 |c BK